Revolución El Cruce de los Andes /
La figura de uno de los hombres más importantes de la historia argentina, el Gral. José de San Martín, a través de la reconstrucción de la gesta épica más trascendente en la liberación de Latinoamérica.
Guardado en:
| Autor Principal: | |
|---|---|
| Autor Corporativo: | |
| Otros Autores: | , , , , , |
| Formato: | |
| Idioma: | Undetermined |
| Publicado: |
Argentina :
Canal,
2010.
|
| Materias: | |
| Acceso en línea: | https://play.cine.ar/INCAA/produccion/1484 |
| Etiquetas: |
Agregar Etiqueta
Sin Etiquetas, Sea el primero en etiquetar este registro!
|
| LEADER | 01211ngm a22002895a 4500 | ||
|---|---|---|---|
| 001 | CEM.cems020428 | ||
| 008 | 230907s2010####xx#---############vlund#d | ||
| 005 | 20230907193121.0 | ||
| 245 | 1 | 0 | |a Revolución |h [videograbación] : |b El Cruce de los Andes / |c Leandro Ipiña. |
| 260 | |a Argentina : |b Canal, |c 2010. | ||
| 300 | |a 92'. | ||
| 520 | |a La figura de uno de los hombres más importantes de la historia argentina, el Gral. José de San Martín, a través de la reconstrucción de la gesta épica más trascendente en la liberación de Latinoamérica. | ||
| 590 | |a Identificación anterior: 140 | ||
| 538 | |a Soporte: DVD -- Formato: AVI Peso: 709mb -- Resolución: 672 x 378 -- 25 fps | ||
| 100 | 1 | |a Ipiña, Leandro. | |
| 700 | 1 | |a de la Serna, Rodrigo; Reparto. | |
| 700 | 1 | |a Ciancio, Juan; Reparto. | |
| 700 | 1 | |a Dogodny, León; Reparto. | |
| 700 | 1 | |a Rodríguez, Martín; Reparto. | |
| 700 | 1 | |a Castellani, Alfredo; Reparto. | |
| 700 | 1 | |a Delgado, Lautaro; Reparto. | |
| 710 | 2 | |a INCAA. | |
| 653 | |a LARGOMETRAJE | ||
| 653 | |a HISTÓRICO | ||
| 653 | |a BÉLICO | ||
| 856 | |u https://play.cine.ar/INCAA/produccion/1484 | ||
| 859 | |a CEMS |b BIB. CEMS - Depto. Recursos Didacticos |h 778.5 |i IPI |k DRD |p 3094.23 |t Ej.1 | ||
